| 000 | 01204cam a22003737a 4500 | ||
|---|---|---|---|
| 003 | CHAP | ||
| 005 | 20220817043555.0 | ||
| 008 | 990825d1997 it rn 00110 eng d | ||
| 010 | _a78837 | ||
| 011 | _a79809 | ||
| 020 | _a9251040311 | ||
| 035 | _a90215 | ||
| 040 | _cCHAP | ||
| 082 | 0 | 4 |
_a639.3 _bF32 v.65 |
| 110 | 2 | _aFAO | |
| 245 | 1 | 0 |
_aTowards safe and effective use of chemicals in coastal aquaculture _c/by FAO |
| 260 |
_aRome : _bFAO, _c1997. |
||
| 300 | _a40 p. | ||
| 490 | 0 |
_aFAO. Informes y estudios del GESAMP _v; 65 |
|
| 590 |
_aBATCH-UPD _b10 _c20130110 _lUCH01 _h1637 |
||
| 590 |
_aBATCH-UPD _b10 _c20130410 _lUCH01 _h1029 |
||
| 590 |
_aBATCH-UPD _b10 _c20130914 _lUCH01 _h1352 |
||
| 590 |
_aCONVERSION _b10 _c20130109 _lUCH01 _h1344 |
||
| 650 | 1 | 4 |
_aAcuicultura. _9758 |
| 650 | 1 | 4 |
_aImpacto ambiental. _957465 |
| 650 | 1 | 4 |
_aRecursos marinos _xContaminación. _995153 |
| 650 | 1 | 4 |
_aResiduos químicos _xEfecto en peces. _996117 |
| 650 | 1 | 4 |
_aSalud pública. _9101813 |
| 830 | 0 |
_aFAO. Informes y estudios del GESAMP _v; 65 _939598 |
|
| 901 | _aBK | ||
| 905 | _aLilia Sánchez G. | ||
| 942 | _cLIBRO | ||
| 949 |
_a639.3 F32 v.65 _bBC _cFAO _d33724000729943 _eFAO1 _h96237 _i90215 _kDonaciØn _sb |
||
| 999 |
_c78837 _d78837 |
||